Príprava asociovaných krajín strednej a východnej Európy na integráciu do vnútorného trhu Únie biela kniha

Salvato in:
Dettagli Bibliografici
Natura: Libro
Lingua:slovacco
Pubblicazione: Bratislava JORI-PRESS 1995
Edizione:1. vyd.
Serie:Komisia Európskeho spoločenstva
Soggetti:
Tags: Aggiungi Tag
Nessun Tag, puoi essere il primo ad aggiungerne!!

MARC

LEADER 00000nam a2200000 4500
001 c017237
005 20250917113202.5
020 |a 80-88781-01-9 
041 0 |a slo 
044 |a SK 
245 1 0 |a Príprava asociovaných krajín strednej a východnej Európy na integráciu do vnútorného trhu Únie  |b biela kniha  |c [Z angl. prel. Darina Dubišová a kolektív] 
250 |a 1. vyd. 
264 1 |a Bratislava  |b JORI-PRESS  |c 1995 
300 |a 38 s. 
490 1 |a Komisia Európskeho spoločenstva 
830 0 |a Komisia Európskeho spoločenstva 
610 2 0 |a Európske spoločenstvá 
610 2 0 |a integrácia 
610 2 0 |a trh vnútorný 
610 2 0 |a východná Európa 
610 2 0 |a stredná Európa 
610 2 0 |a zákonodarstvo 
610 2 0 |a trh spoločný